Teach yourself economic & social history / (Record no. 43022)
[ view plain ]
| 000 -LEADER | |
|---|---|
| fixed length control field | 00748nam a2200241 a 4500 |
| 001 - CONTROL NUMBER | |
| control field | 43022 |
| 003 - CONTROL NUMBER IDENTIFIER | |
| rucl marc code | BD-RjUL |
| 005 - DATE AND TIME OF LATEST TRANSACTION | |
| control field | 20211209053631.0 |
| 008 - FIXED-LENGTH DATA ELEMENTS--GENERAL INFORMATION | |
| fixed length control field | 160618s1962 xx a 000 0 engxd |
| 035 ## - SYSTEM CONTROL NUMBER | |
| System control number | (BD-RjUL)43140 |
| 040 ## - CATALOGING SOURCE | |
| Original cataloging agency | NHM |
| Transcribing agency | NHM |
| Language of cataloging | eng |
| Modifying agency | BD-RjUL |
| 041 ## - LANGUAGE CODE | |
| Language code of text/sound track or separate title | eng |
| 082 ## - DEWEY DECIMAL CLASSIFICATION NUMBER | |
| Edition number | 23 |
| Classification number | 330.941 |
| Author mark and year | DUT 1962 |
| 100 1# - MAIN ENTRY--PERSONAL NAME | |
| Personal name | Dugdale, J. S. |
| 9 (RLIN) | 132106 |
| 245 10 - TITLE STATEMENT | |
| Title | Teach yourself economic & social history / |
| Statement of responsibility, etc. | by J. S. Dugdale. |
| 260 ## - PUBLICATION, DISTRIBUTION, ETC. (IMPRINT) | |
| Place of publication, distribution, etc. | London : |
| Name of publisher, distributor, etc. | English Universities Press, |
| Date of publication, distribution, etc. | c1962. |
| 300 ## - PHYSICAL DESCRIPTION | |
| Pagination | 248 p. : |
| Illustrations | ill. ; |
| Size | 18 cm. |
| 490 1# - SERIES STATEMENT | |
| Series statement | Teach yourself books |
| 651 #0 - SUBJECT ADDED ENTRY--GEOGRAPHIC NAME | |
| Geographic name | Great Britain |
| General subdivision | Economic conditions. |
| 9 (RLIN) | 132107 |
| Geographic name | Great Britain |
| General subdivision | Social conditions. |
| 9 (RLIN) | 128235 |
| 830 #0 - SERIES ADDED ENTRY--UNIFORM TITLE | |
| Uniform title | Teach yourself books. |
| 942 ## - ADDED ENTRY ELEMENTS (KOHA) | |
| Source of classification or shelving scheme | Dewey Decimal Classification |
| Koha item type | Books |
| Lost status | Source of classification or shelving scheme | Damaged status | Not for loan | Collection code | Permanent Location | Current Location | Shelving location | Date acquired | Source of acquisition | Cost, normal purchase price | Total Checkouts | Full call number | Date last seen | Copy number | Koha item type |
|---|---|---|---|---|---|---|---|---|---|---|---|---|---|---|---|
| Dewey Decimal Classification | Non-fiction | Central Library, University of Rajshahi | Central Library, University of Rajshahi | 29/02/1964 | Zeetlinger | 8.00 | 330.941 DUT 1962 | 18/06/2016 | C-2 | Books |